000 00253nam a2200097Ia 4500
001 1143189
005 20250827010151.0
008 250824s9999 xx 000 0 und d
245 0 _aVATAN YAHUT SİLİSTRE
_cNAMIK KEMAL
260 _bKİTAP ZAMANI YAYINLARI
999 _c1143189
_d1143189